00859nam a22002537a 450000500170000000800410001701000170005802000260007503500170010103500130011803700090013104000170014008200110015710000190016824501770018726000670036430000350043149000420046670000240050870000160053270000190054870000180056770000200058520090122114429.0090122t xxu||||| |||| 00| 0 eng d aB-329413-440 a9788179931820c185.00 aB-329413-440 aB-359224 bTERI aDPLbEnglish a363.34 aSingh, Vineeta aWorld's worst : bnatural disasters that shook the world /cby Vineeta singh ; edited by Madhu Singh Sirohi ; illustrated by Yatindra Kumar, Vijay Nipane and Neeraj Riddlan aNew DelhibThe Energy and Resources Institute TERI Pressc2008 a46 p.:bCol. ill.c28 cm. (Hb) aNature's fury / edited by Pallavi Sah aSirohi, Madhu Singh aArshi Ahmed aYatindra Kumar aNipane, Vijay aRiddlan, Neeraj